000 00598nam a2200193Ia 4500
005 20260114185658.0
008 008 260114s9999 xx 000 0 eng d
020 _a9781472599766
037 _aEBOOK
040 _aCRL
_beng
_cCRL
041 _aeng
_2eng
084 _qCRL
100 _aEmanuel Buttigieg
_9873034
245 0 _aNobility, Faith and Masculinity The Hospitaller Knights of Malta, c.1580-c.1700
260 _bBloomsbury
_c2011
856 _uhttps://doi.org/10.5040/9781472599766?locatt=label:secondary_bloomsburyCollections
942 _cEBOOK
999 _c1471982
_d1471982